Saturday Night Live Christmas Episode Hosts Quiz Stats

 Plays Quiz not verified by Sporcle

Score 0/38 Timer 05:00
0 Plays Today
Date Host % Correct
December 12, 1981Bill Murray
86.4%
December 14, 1991Steve Martin
77.8%
December 20, 1975Candice Bergen
76.5%
December 11, 1976Candice Bergen
76.5%
December 14, 2002Al Gore
75.3%
December 18, 2004Robert DeNiro
71.6%
December 11, 1982Eddie Murphy
70.4%
December 15, 1984Eddie Murphy
70.4%
December 13, 2008Hugh Laurie
70.4%
December 13, 1997Helen Hunt
67.9%
December 16, 2000Lucy Liu
67.9%
December 12, 1998Alec Baldwin
65.4%
December 11, 1999Danny DeVito
65.4%
December 13, 2003Elijah Wood
65.4%
December 20, 1986William Shatner
64.2%
December 15, 2001Ellen Degeneres
64.2%
December 17, 2005Jack Black
64.2%
December 19, 2009James Franco
64.2%
December 17, 1988Melanie Griffith
58%
Date Host % Correct
December 16, 2006Justin Timberlake
58%
December 18, 2010Jeff Bridges
56.8%
December 12, 1992Glenn Close
54.3%
December 17, 2011Jimmy Fallon
53.1%
December 16, 1978Elliott Gould
51.9%
December 17, 1994George Foreman
51.9%
December 16, 1989Andie MacDowell
45.7%
November 03, 2007Brian Williams
45.7%
December 15, 2012Martin Short
40.7%
December 22, 1979Ted Knight
37%
December 20, 1980David Carradine
35.8%
December 15, 1990Dennis Quaid
35.8%
December 16, 1995Madeline Kahn
32.1%
December 19, 1987Paul Simon
30.9%
December 14, 1996Rosie O'Donnell
29.6%
December 21, 1985Teri Garr
28.4%
December 11, 1993Sally Field
28.4%
December 17, 1977Miskel Spillman
19.8%
December 10, 1983Flip Wilson
14.8%

You're not logged in!

Compare scores with friends on all Sporcle quizzes.
OR
Log In

Show Comments

Extras

Top Quizzes Today


Score Distribution

Your Account Isn't Verified!

In order to create a playlist on Sporcle, you need to verify the email address you used during registration. Go to your Sporcle Settings to finish the process.

Report this User

Report this user for behavior that violates our Community Guidelines.

Details: